000 01171cam a2200349M 4500
001 ocn824647485
003 TZ-ArACH
005 2013060601311.0
008 130119s1988 enk 000 0 und d
020 _a0198239378
020 _a9780198239376
035 _a(OCoLC)824647485
040 _aW4K
_beng
_cTZ-ArACH
_dOCLCO
041 _aEng
049 _aTZAA
050 _aJC605
_b.W36
100 1 _aWaldron, Jeremy.
_911099
245 1 4 _aRight to private property /
_cJeremy Waldron.
250 _a[Pbk. ed.].
260 _aOxford :
_bClarendon Press,
_c1988.
300 _aviii, 470 p.
490 1 _aClarendon paperbacks
500 _aPublished in 1988, first issued in paperback in 1990.
504 _aIncludes bibliography and index.
650 0 _aRight of property.
_911100
650 0 _aDroit de propriètè
_911103
650 0 _aCivil rights.
_911101
830 0 _aClarendon paperbacks.
_911102
942 _2lcc
_cBOOK
999 _c2448
_d2448